| 000 | 00355 a2200121 4500 | ||
|---|---|---|---|
| 003 | Nust | ||
| 005 | 20170207161940.0 | ||
| 040 | _cNust | ||
| 082 | _a799 | ||
| 245 |
_aAllied officer MCC-49 Meet with Comdt Photographs 2013 Soff Copy _cMCS |
||
| 650 | _aPictures of Allied officer MCC-49 Meet with Comdt Photgraphs 2013, (CD-NO 23,Vol-VI) | ||
| 651 | _aSweet Memories-MCS | ||
| 942 | _cBK | ||
| 999 |
_c204924 _d204924 |
||